[Event "Leichlingen op"]
[Site "Leichlingen"]
[Date "1987.05.27"]
[Round "1"]
[White "Fischbach, Hendrik"]
[Black "Hubert, Ralf"]
[Result "1-0"]
[WhiteElo "1850"]
[BlackElo "2190"]
[PlyCount "57"]
[EventDate "1987.05.??"]
[EventType "swiss"]
[EventRounds "7"]
[EventCountry "GER"]
[SourceTitle "EXT 2004"]
[Source "ChessBase"]
[SourceDate "2003.11.25"]
[SourceVersion "1"]
[SourceVersionDate "2003.11.25"]
[SourceQuality "1"]

1. d4 Nf6 2. Nf3 g6 3. g3 Bg7 4. Bg2 0-0 5. c4 c6 6. Nc3 d6 7. 0-0 Nbd7 8. h3 e5 9. e4 Qa5 10. Qc2 Qb4 11. Ne2 exd4 12. Bd2 Qb6 13. Nfxd4 Re8 14. Be3 Qa6 15. b4 Ne5 16. b5 Qa3 17. Rfd1 Be6 18. Nxe6 fxe6 19. Rab1 cxb5 20. Rxb5 Rac8 21. c5 b6 22. Rxd6 Bf8 23. Rb3 Qa6 24. Qb2 Bxd6 25. cxd6 Nfd7 26. Bh6 Rc5 27. f4 Rec8 28. Ra3 Rc2 29. Qxc2 1-0